| 000 | 00802nam a2200241 a 4500 | ||
|---|---|---|---|
| 001 | BRL_1092 | ||
| 005 | 20190320211030.0 | ||
| 008 | 111113s1981----mx-a######---#000-0#spa-# | ||
| 041 | _aspa | ||
| 044 | _amx | ||
| 050 | 4 |
_aNK844 _b.A78 1981 |
|
| 245 | 1 | 0 |
_aLos artesanos nos dijeron... _cRodolfo Becerril Straffon [y] Adalberto Ríos Szalay compiladores. |
| 260 |
_aMéxico _bFondo Nacional para Actividades sociales : Fondo Nacional para el Fomento de las Artesanías _c1981 |
||
| 300 |
_a80 p. _bil. (algunas a color) _c27 cm. |
||
| 500 | _aAu1220 | ||
| 650 | 1 | 4 |
_aArte popular _zMéxico _9882 |
| 650 | 1 | 4 |
_aArtes decorativas _91921 |
| 650 | 1 | 4 |
_aArtesanos _zMéxico _9426 |
| 700 | 1 |
_aBecerril Straffon, Rodolfo _925785 |
|
| 700 | 1 |
_aRios Szalay, Adalberto _98728 |
|
| 902 | _aGRL | ||
| 942 |
_2lcc _cB |
||
| 999 |
_c9904 _d9904 |
||